Jazdkyne osudu Volanie Jorviku

Saved in:
Bibliographic Details
Main Author Dahlgren, Helena
Format Electronic eBook
LanguageCzech
Published Bambook SK 2026
Edition1. elektronické vydání
Subjects
Online AccessDostupné v BOOKPORT po přihlášení pomocí eduID
ISBN978-80-8305-311-3
978-80-8305-309-0
Physical Description1 online zdroj (208 stran)

Cover

LEADER 00000nam a2200000 i 4500
001 bkp100469
003 CZ-prgp
005 20260407112622.0
006 m o d
007 cr cn
008 260407s2026 xr o 000 0 cze
020 |a 978-80-8305-311-3  |c 14 Kč  |q (online ; epub) 
020 |a 978-80-8305-309-0  |c 425 Kč  |q (print) 
040 |a Grada  |b cze  |e rda 
100 1 |a Dahlgren, Helena 
245 1 0 |a Jazdkyne osudu  |b Volanie Jorviku  |c Helena Dahlgren 
250 |a 1. elektronické vydání 
264 1 |b Bambook SK  |c 2026 
300 |a 1 online zdroj (208 stran) 
336 |a text  |b txt  |2 rdacontent 
337 |a počítač  |b c  |2 rdamedia 
338 |a online zdroj  |b cr  |2 rdacarrier 
520 3 |a Šepot osudu naznačuje, že sa blíži chvíľa zrodu nového sesterstva... 
650 0 4 |a Dobrodružství, napětí, fantasy 
856 4 0 |u https://www.bookport.cz/AccountSaml/SignIn/?idp=https://shibboleth.utb.cz/idp/shibboleth&returnUrl=/kniha/jazdkyne-osudu-15915/  |y Dostupné v BOOKPORT po přihlášení pomocí eduID